[Event "Sparkassen-Open A"]
[Site "Heusenstamm, Martinsee"]
[Date "2024.11.22"]
[Round "2.77"]
[White "Raumanns, Niklas"]
[Black "Nickel, Jonas"]
[Result "1/2-1/2"]
[WhiteElo "1844"]
[BlackElo "1950"]
[PlyCount "71"]
[EventDate "2024.11.21"]
[WhiteTeam "SC Bergen-Enkheim 1922"]
[BlackTeam "Schachdrachen Büdingen-Wächtersb"]

1. b3 d5 2. Bb2 Nf6 3. e3 c6 4. c4 e6 5. Nf3 Nbd7 6. d4 Bd6 7. Bd3 b6 8. O-O O-O 9. Nc3 Bb7 10. Rc1 Rc8 11. Qe2 Qe7 12. Rc2 dxc4 13. Bxc4 e5 14. Ba6 Bxa6 15. Qxa6 e4 16. Nd2 b5 17. Qxa7 Ra8 18. Qb7 Bxh2+ 19. Kxh2 Qd6+ 20. g3 Rab8 21. Qa7 Ra8 22. Ba3 Ng4+ 23. Kg2 Qh6 24. Rh1 Qxh1+ 25. Kxh1 Rxa7 26. Bxf8 Kxf8 27. Ndxe4 f5 28. Ng5 h6 29. Nf3 Ke7 30. Kg2 Kd6 31. Ne1 Nb6 32. Nd3 Re7 33. a4 bxa4 34. bxa4 Rxe3 35. Nc5 Nd5 36. Nxd5 1/2-1/2

[Event "Sparkassen-Open A"]
[Site "Heusenstamm, Martinsee"]
[Date "2024.11.22"]
[Round "2.78"]
[White "Bezsonna, Polina"]
[Black "Spelleken, Mark"]
[Result "1-0"]
[WhiteElo "1949"]
[BlackElo "1748"]
[PlyCount "39"]
[EventDate "2024.11.21"]
[WhiteTeam "SK Bad Homburg 1927"]
[BlackTeam "SC Somborn 1933"]

1. e4 c5 2. Nf3 d6 3. d4 cxd4 4. Nxd4 Nf6 5. Nc3 a6 6. Rg1 e5 7. Nb3 Be6 8. g4 h6 9. Bd2 Nc6 10. Qf3 Qc8 11. h3 b5 12. Rc1 Qb7 13. Bg2 a5 14. Nd5 Bxd5 15. exd5 Ne7 16. Nxa5 Qxd5 17. Qe2 e4 18. Rd1 Qe5 19. Bc3 Qc5 20. Nb7 1-0

[Event "Sparkassen-Open A"]
[Site "Heusenstamm, Martinsee"]
[Date "2024.11.22"]
[Round "2.79"]
[White "Kolker, Vladislav"]
[Black "Bauer, Laura Sophie"]
[Result "0-1"]
[WhiteElo "1839"]
[BlackElo "1927"]
[PlyCount "76"]
[EventDate "2024.11.21"]
[WhiteTeam "SC Bad Nauheim"]
[BlackTeam "SK Kelheim 1920"]

1. e4 c5 2. Nf3 Nc6 3. b4 cxb4 4. d4 d6 5. a3 Nf6 6. Bd3 Bg4 7. Be3 bxa3 8. c3 g6 9. h3 Bxf3 10. Qxf3 Bg7 11. Rxa3 a6 12. O-O O-O 13. Nd2 Nd7 14. Qg3 e5 15. d5 Ne7 16. Rb1 Qc7 17. Rab3 b5 18. c4 b4 19. Rxb4 Rfb8 20. f3 Rxb4 21. Rxb4 Rb8 22. Rxb8+ Qxb8 23. Qe1 Nc8 24. Qa1 Qb7 25. Qa3 Bf8 26. Nb3 Na7 27. Na5 Qc7 28. Nb3 Qb7 29. c5 dxc5 30. Bxa6 c4 31. Qxf8+ Kxf8 32. Bxb7 cxb3 33. Bc1 Nc5 34. Bc6 Nxc6 35. dxc6 Ke8 36. Kf1 Nd3 37. Ba3 b2 38. Bxb2 Nxb2 0-1

[Event "Sparkassen-Open A"]
[Site "Heusenstamm, Martinsee"]
[Date "2024.11.22"]
[Round "2.80"]
[White "Musiienko, Platon"]
[Black "Riedel, Thomas"]
[Result "1-0"]
[WhiteElo "1947"]
[BlackElo "1842"]
[PlyCount "85"]
[EventDate "2024.11.21"]
[WhiteTeam "Wiesbadener SV 1885"]
[BlackTeam "SC Einrich e.V."]

1. e4 c5 2. c3 Nf6 3. e5 Nd5 4. Nf3 Nc6 5. Bc4 Nb6 6. Bb3 d5 7. exd6 e6 8. Na3 Bxd6 9. O-O O-O 10. d4 cxd4 11. Nb5 Bb8 12. Nbxd4 Nxd4 13. cxd4 Nd5 14. Re1 b6 15. Ne5 Bb7 16. Qg4 Nf6 17. Qh4 Nd5 18. Qh3 Qd6 19. Re4 f6 20. Nc4 Qc7 21. Rh4 g5 22. Qxe6+ Kh8 23. Rh5 Nb4 24. Bd2 Bd5 25. Qd6 Qf7 26. Qxb4 a5 27. Nxa5 Re8 28. Rh3 bxa5 29. Bxd5 Qxd5 30. Qc5 Qf7 31. Re3 Rd8 32. Qe7 Qxe7 33. Rxe7 Rxd4 34. Bc3 Rf4 35. Re8+ Kg7 36. Rae1 Rf5 37. R1e7+ Kg6 38. Rg8+ Kh5 39. h3 Bh2+ 40. Kxh2 Rxg8 41. g4+ Kg6 42. gxf5+ Kxf5 43. Rxh7 1-0

[Event "Sparkassen-Open A"]
[Site "Heusenstamm, Martinsee"]
[Date "2024.11.22"]
[Round "2.81"]
[White "Ziska, Stephan"]
[Black "Stuhlmann, Florian"]
[Result "1/2-1/2"]
[WhiteElo "1834"]
[BlackElo "1947"]
[PlyCount "81"]
[EventDate "2024.11.21"]
[WhiteTeam "SF Bürstadt"]
[BlackTeam "SC Königsflügel Lindenholzhausen"]

1. e4 c5 2. c3 d5 3. exd5 Qxd5 4. d4 Nf6 5. Nf3 e6 6. Be2 Nc6 7. O-O Be7 8. Bf4 O-O 9. dxc5 Qxc5 10. Nbd2 Rd8 11. Be3 Qd6 12. Qa4 Nd5 13. Ne4 Qc7 14. Bg5 Bd7 15. Bxe7 Ncxe7 16. Bb5 Nb6 17. Qb3 h6 18. Rad1 Nbd5 19. Bxd7 Rxd7 20. c4 Nb6 21. Rxd7 Nxd7 22. Qa3 Nb6 23. b3 Nbc8 24. Rd1 b6 25. Qa4 Nc6 26. Qb5 a6 27. Qh5 N8e7 28. h3 Rd8 29. Rxd8+ Qxd8 30. Ne5 Nxe5 31. Qxe5 Nf5 32. c5 bxc5 33. Nxc5 Qd1+ 34. Kh2 Qf1 35. Nxe6 Qxf2 36. Qb8+ Kh7 37. Nf8+ Kg8 38. Ng6+ Kh7 39. Nf8+ Kg8 40. Ne6+ Kh7 41. Nf8+ 1/2-1/2

[Event "Sparkassen-Open A"]
[Site "Heusenstamm, Martinsee"]
[Date "2024.11.22"]
[Round "2.82"]
[White "Eggenstein, Frank"]
[Black "Schellen, Sven"]
[Result "1-0"]
[WhiteElo "1945"]
[BlackElo "1836"]
[PlyCount "65"]
[EventDate "2024.11.21"]
[WhiteTeam "Schachverein Datteln 1924"]
[BlackTeam "SV Frankfurt Nord 1926"]

1. e4 c6 2. d3 d5 3. Nd2 e5 4. Ngf3 Bd6 5. g3 Bg4 6. Bg2 Nf6 7. h3 Bh5 8. O-O O-O 9. a3 Nbd7 10. b3 Qc7 11. Bb2 Rfe8 12. Qe2 Nc5 13. Qe1 Bxf3 14. Bxf3 Ne6 15. Bg2 Nd4 16. Qd1 Rad8 17. c3 Ne6 18. Qc2 h5 19. Nf3 dxe4 20. dxe4 Qb6 21. Nd2 Bf8 22. Nc4 Qc7 23. Rad1 h4 24. Kh2 b5 25. Ne3 g6 26. Bc1 Nf4 27. Bf3 Ne6 28. Ng4 Nxg4+ 29. Bxg4 hxg3+ 30. fxg3 c5 31. h4 Qb6 32. h5 Ng5 33. Bxg5 1-0

[Event "Sparkassen-Open A"]
[Site "Heusenstamm, Martinsee"]
[Date "2024.11.22"]
[Round "2.83"]
[White "Tietzen, Stefan"]
[Black "Füssel, Jan Michael"]
[Result "1/2-1/2"]
[WhiteElo "1942"]
[BlackElo "1833"]
[PlyCount "79"]
[EventDate "2024.11.21"]
[WhiteTeam "SK 1980 Gernsheim"]
[BlackTeam "VSG 1880 Offenbach"]

1. e4 g6 2. d4 Bg7 3. Nc3 d6 4. f4 Nd7 5. Nf3 c5 6. d5 a6 7. a4 Qa5 8. Bd2 Qb4 9. Be2 Qb6 10. a5 Qxb2 11. e5 c4 12. Ra2 Qb4 13. Ne4 c3 14. Nxc3 Qc5 15. Ra4 dxe5 16. Rc4 Qd6 17. O-O b5 18. axb6 Qxb6+ 19. Kh1 Bb7 20. fxe5 Nxe5 21. Re4 Nxf3 22. Bxf3 Rc8 23. Na4 Qc7 24. Rb4 Nf6 25. Bf4 Qa5 26. Rxb7 Qxa4 27. Re1 O-O 28. Bg3 Qxc2 29. Qxc2 Rxc2 30. Rbxe7 Rd2 31. d6 Rd8 32. Ra7 Ne8 33. Rxa6 Nxd6 34. Bxd6 R2xd6 35. Rxd6 Rxd6 36. Re8+ Bf8 37. Kg1 Rd2 38. Kf1 Kg7 39. Rc8 Bb4 40. h3 1/2-1/2

[Event "Sparkassen-Open A"]
[Site "Heusenstamm, Martinsee"]
[Date "2024.11.22"]
[Round "2.84"]
[White "Michalski, Uwe"]
[Black "Zimmer, Gerald"]
[Result "0-1"]
[WhiteElo "1820"]
[BlackElo "1942"]
[PlyCount "130"]
[EventDate "2024.11.21"]
[WhiteTeam "Sfr.Mainz 1928"]
[BlackTeam "SC Bergen-Enkheim 1922"]

1. e4 e6 2. d4 d5 3. exd5 exd5 4. Nf3 Bg4 5. Be2 Bd6 6. h3 Bh5 7. Nc3 Ne7 8. Bg5 f6 9. Bh4 g5 10. Nxg5 Bxe2 11. Qxe2 fxg5 12. Bxg5 c6 13. O-O-O Kd7 14. Rde1 Re8 15. Qh5 Na6 16. Re2 Kc7 17. Rhe1 Qd7 18. Qxh7 Nf5 19. Qxd7+ Kxd7 20. Rxe8 Rxe8 21. Rxe8 Kxe8 22. Ne2 Nc7 23. g4 Ne6 24. Bf6 Kf7 25. gxf5 Nf4 26. Bh8 Nxe2+ 27. Kd2 Ng1 28. Ke3 Nxh3 29. Be5 Be7 30. f4 Bh4 31. b3 Nf2 32. c4 Ne4 33. cxd5 cxd5 34. Kf3 Be7 35. Ke3 Ba3 36. Kd3 Nd6 37. Kc3 a5 38. Kd3 Ke7 39. Kc3 Kd7 40. Kd3 Nxf5 41. Kc3 Kc6 42. Kd3 Bd6 43. Kc3 Kb5 44. a4+ Kc6 45. Kd3 b5 46. axb5+ Kxb5 47. Kc3 Bb4+ 48. Kc2 Kc6 49. Kd3 Kd7 50. Kc2 Ke6 51. Kd3 Ne7 52. Ke3 Kf5 53. Bc7 Kg4 54. Be5 Nf5+ 55. Kd3 Kf3 56. Bc7 Nd6 57. Bb6 Kxf4 58. Bc7 Kf3 59. Bd8 Ne4 60. Bh4 Nf2+ 61. Kc2 Ke3 62. Bf6 Ke4 63. Bg7 Ng4 64. Bh8 Ne3+ 65. Kb2 Nf5 0-1

[Event "Sparkassen-Open A"]
[Site "Heusenstamm, Martinsee"]
[Date "2024.11.22"]
[Round "2.85"]
[White "Merz, Leander"]
[Black "Mohr, Alwin"]
[Result "1-0"]
[WhiteElo "1935"]
[BlackElo "1818"]
[PlyCount "101"]
[EventDate "2024.11.21"]
[WhiteTeam "Schachforum Darmstadt 1994"]
[BlackTeam "SV Oberursel"]

1. e4 e5 2. Nf3 Nc6 3. Bc4 Nf6 4. d4 exd4 5. e5 d5 6. Bb5 Ne4 7. Nxd4 Bd7 8. Bxc6 bxc6 9. O-O Bc5 10. f3 Ng5 11. f4 Ne6 12. c3 f5 13. Be3 O-O 14. b4 Bb6 15. Nd2 Qe7 16. N2b3 a5 17. Qd2 Bxd4 18. Bxd4 Rfb8 19. a3 a4 20. Nc5 Nxc5 21. Bxc5 Qe6 22. Rf3 Kh8 23. Rh3 Rg8 24. Re1 g6 25. Bf2 Rg7 26. Bh4 Rf7 27. Qf2 Ra6 28. Bf6+ Kg8 29. Qg3 Rf8 30. Rh6 Rxf6 31. exf6 Qxf6 32. Qe3 Ra8 33. Qe7 Qg7 34. Rh3 Re8 35. Qxg7+ Kxg7 36. Rxe8 Bxe8 37. Kf2 h6 38. Ke3 g5 39. Kd4 gxf4 40. Ke5 h5 41. Rh4 Kg6 42. Rxf4 Bd7 43. h4 Bc8 44. Rf3 f4 45. Rxf4 Bd7 46. Rf3 Kg7 47. Rg3+ Kf7 48. Rg5 Bg4 49. Rxg4 hxg4 50. g3 Kg6 51. Ke6 1-0

[Event "Sparkassen-Open A"]
[Site "Heusenstamm, Martinsee"]
[Date "2024.11.22"]
[Round "2.86"]
[White "Falkenhainer, Sven"]
[Black "Trumpp, Lothar"]
[Result "1-0"]
[WhiteElo "1830"]
[BlackElo "1908"]
[PlyCount "71"]
[EventDate "2024.11.21"]
[WhiteTeam "SC Bergen-Enkheim 1922"]
[BlackTeam "VSG 1880 Offenbach"]

1. e4 e5 2. Bc4 Nf6 3. d3 d5 4. exd5 Nxd5 5. Nf3 Nc6 6. O-O Be7 7. Be3 Be6 8. Nbd2 O-O 9. c3 Bf6 10. Bc5 Be7 11. Bxe7 Qxe7 12. Re1 Nf4 13. Qc2 Rad8 14. Bxe6 Qxe6 15. d4 Qg4 16. g3 exd4 17. cxd4 Nxd4 18. Nxd4 Rxd4 19. Nb3 Rd6 20. Qxc7 Qf3 21. gxf4 Rg6+ 22. Kf1 Rg2 23. Re2 Rxh2 24. Ke1 Rh1+ 25. Kd2 Qd5+ 26. Kc3 Rh6 27. Nd4 Rd8 28. Rd1 Rf8 29. b3 Rh3+ 30. Kb2 h5 31. Qe5 Qxe5 32. fxe5 Re8 33. Nb5 a6 34. Nd6 Rd8 35. Rc1 Rd7 36. Rg1 1-0

[Event "Sparkassen-Open A"]
[Site "Heusenstamm, Martinsee"]
[Date "2024.11.22"]
[Round "2.87"]
[White "Brehme, Ralf-Peter"]
[Black "Faulstich, Kurt"]
[Result "1-0"]
[WhiteElo "1934"]
[BlackElo "1819"]
[PlyCount "83"]
[EventDate "2024.11.21"]
[WhiteTeam "Vorw.Orient Mainz"]
[BlackTeam "SAbt Niederräder TG"]

1. f4 d5 2. Nf3 Nf6 3. g3 e6 4. Bg2 c5 5. O-O Be7 6. d3 O-O 7. e3 Nc6 8. Qe2 b6 9. Nc3 Bb7 10. Nd1 Qc7 11. b3 Rfd8 12. Bb2 Ne8 13. Ne5 d4 14. Nxc6 Bxc6 15. e4 e5 16. fxe5 Qxe5 17. Bc1 Qe6 18. Nf2 g5 19. Bh3 Qg6 20. Bf5 Qg7 21. Qh5 Bd7 22. Ng4 Bxf5 23. Nh6+ Kf8 24. Nxf5 Qg6 25. Qxg6 hxg6 26. Nxe7 Kxe7 27. Bxg5+ Kf8 28. Bxd8 Rxd8 29. a4 Nd6 30. Rf2 Rd7 31. g4 Kg7 32. g5 Re7 33. h4 Nb7 34. Rf6 Nd8 35. a5 b5 36. a6 b4 37. Ra5 Rc7 38. Rb5 Rc8 39. Rd6 Kf8 40. Rd5 Ne6 41. Rb7 Rc7 42. Rd7 1-0

[Event "Sparkassen-Open A"]
[Site "Heusenstamm, Martinsee"]
[Date "2024.11.22"]
[Round "2.88"]
[White "Rotermund, Verena"]
[Black "Rutsatz, Mario"]
[Result "0-1"]
[WhiteElo "1818"]
[BlackElo "1932"]
[PlyCount "62"]
[EventDate "2024.11.21"]
[WhiteTeam "Vorw.Orient Mainz"]
[BlackTeam "SC 1961 König Nied"]

1. e4 e6 2. d4 d5 3. Nd2 c5 4. c3 Nc6 5. Ngf3 cxd4 6. Nxd4 Nxd4 7. cxd4 dxe4 8. Nxe4 Bb4+ 9. Nc3 Bd7 10. Be2 Bc6 11. O-O Nf6 12. Bg5 Bxc3 13. bxc3 Qd5 14. Bf3 Qxg5 15. Re1 O-O 16. Bxc6 bxc6 17. Qa4 Qb5 18. Qc2 Rab8 19. Rac1 Qb2 20. Qa4 Qd2 21. Red1 Qf4 22. Rc2 Ng4 23. g3 Qf3 24. Re1 Rb5 25. h3 Rh5 26. h4 Nxf2 27. Rxf2 Qxg3+ 28. Kf1 Qxc3 29. Qxa7 Rxh4 30. Rd1 Rh1+ 31. Ke2 Qc2+ 0-1

[Event "Sparkassen-Open A"]
[Site "Heusenstamm, Martinsee"]
[Date "2024.11.22"]
[Round "2.89"]
[White "Schellenberger, Dirk"]
[Black "Feick, Claas Marten"]
[Result "0-1"]
[WhiteElo "1932"]
[BlackElo "1809"]
[PlyCount "115"]
[EventDate "2024.11.21"]
[WhiteTeam "Schachclub Aschaffenburg e.V."]
[BlackTeam "SF Neuberg"]

1. b3 f5 2. Bb2 d6 3. f4 Nf6 4. Nf3 a5 5. g3 c6 6. Bg2 Nbd7 7. O-O a4 8. Re1 axb3 9. axb3 Rxa1 10. Bxa1 Qb6+ 11. e3 Qa7 12. Nc3 Nc5 13. d3 g6 14. Bb2 Bg7 15. Qe2 O-O 16. Ra1 Na6 17. Nd2 Ng4 18. Nf1 d5 19. h3 Nxe3 20. Nxe3 d4 21. Ncd1 dxe3 22. Bxg7 Kxg7 23. Kh2 e5 24. Qxe3 Qxe3 25. Nxe3 exf4 26. gxf4 Re8 27. Nc4 Nb4 28. Ra8 Bd7 29. Rxe8 Bxe8 30. Nd6 Kf8 31. Nxb7 Nxc2 32. Kg3 Nd4 33. Nc5 Bf7 34. b4 Ke7 35. Kf2 Kd6 36. Bf3 Kc7 37. Bd1 Kb6 38. Ke3 Nb5 39. Nd7+ Kc7 40. Nc5 Nc3 41. Bb3 Bxb3 42. Nxb3 Nd5+ 43. Kf3 Nxb4 44. Nc1 Kd6 45. Ke3 Nd5+ 46. Kf3 c5 47. Nb3 Kc6 48. Nd2 Kb5 49. Nc4 Kb4 50. h4 Kc3 51. Ne5 Kd4 52. Nd7 Nb4 53. Nf8 Kxd3 54. h5 gxh5 55. Ne6 c4 56. Nc5+ Kd2 57. Kg3 Nd3 58. Kf3 0-1

[Event "Sparkassen-Open A"]
[Site "Heusenstamm, Martinsee"]
[Date "2024.11.22"]
[Round "2.90"]
[White "Doering, Janno"]
[Black "Heppert, Lars"]
[Result "0-1"]
[WhiteElo "1813"]
[BlackElo "1911"]
[PlyCount "62"]
[EventDate "2024.11.21"]
[WhiteTeam "SK Bingen"]
[BlackTeam "SK Neuburg"]

1. Nf3 d5 2. e3 c5 3. b3 Nf6 4. Bb2 g6 5. Bb5+ Nbd7 6. Ne5 Bg7 7. Nxd7 Bxd7 8. Bxd7+ Qxd7 9. O-O O-O 10. d4 Rac8 11. Nd2 c4 12. c3 b5 13. Rc1 Rc7 14. bxc4 dxc4 15. a4 a6 16. axb5 axb5 17. Qc2 Nd5 18. Ne4 b4 19. Nc5 Rxc5 20. dxc5 Nxc3 21. Bxc3 Bxc3 22. Rfd1 Qc6 23. e4 e6 24. Qe2 Qxc5 25. Qf3 Bd4 26. e5 b3 27. Rd2 c3 28. Rxd4 Qxd4 29. Qxc3 Qxc3 30. Rxc3 b2 31. Rb3 Rc8 0-1

[Event "Sparkassen-Open A"]
[Site "Heusenstamm, Martinsee"]
[Date "2024.11.22"]
[Round "2.91"]
[White "Spelleken, Hans-Gerd"]
[Black "Kulenovic, Adnan"]
[Result "1-0"]
[WhiteElo "1806"]
[BlackElo "1918"]
[PlyCount "77"]
[EventDate "2024.11.21"]
[WhiteTeam "SC Somborn 1933"]
[BlackTeam "Spielgemeinschaft Kinzigtal"]

1. Nf3 c5 2. c3 b6 3. d4 e6 4. e4 Bb7 5. Bd3 d6 6. Bg5 Be7 7. Bxe7 Qxe7 8. Qe2 Nf6 9. Nbd2 Nc6 10. a4 O-O 11. O-O Rac8 12. e5 dxe5 13. dxe5 Nd5 14. Qe4 f5 15. exf6 gxf6 16. Rfe1 Rce8 17. Qh4 Kh8 18. Rxe6 Qg7 19. Rxe8 Rxe8 20. Ne4 Rg8 21. Bf1 Nce7 22. c4 Ng6 23. Qg3 Ndf4 24. Nd6 Bc6 25. a5 Bd7 26. Nd2 Nh5 27. Qe3 Ngf4 28. g3 Bc6 29. axb6 axb6 30. Ra6 Qc7 31. N2e4 f5 32. Qc3+ Rg7 33. Ng5 Kg8 34. gxf4 Nxf4 35. Qf6 Nh5 36. Qe6+ Kf8 37. Qxf5+ Kg8 38. Ndf7 Qb8 39. Nh6+ 1-0

[Event "Sparkassen-Open A"]
[Site "Heusenstamm, Martinsee"]
[Date "2024.11.22"]
[Round "2.92"]
[White "Burkhardt, Jan"]
[Black "Himmelspacht, Maxim"]
[Result "0-1"]
[WhiteElo "1916"]
[BlackElo "1802"]
[PlyCount "84"]
[EventDate "2024.11.21"]
[WhiteTeam "Sfr.Mainz 1928"]
[BlackTeam "SK 1858 Gießen"]

1. e4 e6 2. d4 d5 3. e5 c5 4. c3 Nc6 5. Nf3 Qb6 6. Bd3 Bd7 7. O-O cxd4 8. cxd4 Nxd4 9. Nxd4 Qxd4 10. Nc3 a6 11. Re1 Ne7 12. Be3 Qxe5 13. Bc5 Qc7 14. b4 Bc6 15. Rc1 Qd7 16. f4 d4 17. Ne4 Nf5 18. Bxf8 Kxf8 19. Nc5 Qd6 20. Bxf5 exf5 21. Rc4 Rd8 22. Qd3 g6 23. Re5 Kg7 24. a4 Rhe8 25. Rxe8 Rxe8 26. Rxd4 Qe7 27. Qc3 Qe1+ 28. Qxe1 Rxe1+ 29. Kf2 Ra1 30. b5 axb5 31. axb5 Bxb5 32. Nxb7 Bc6 33. Nd8 Ra2+ 34. Kg3 Rxg2+ 35. Kh3 Ba8 36. Rd7 Rg4 37. Rd2 Rxf4 38. Kg3 Rg4+ 39. Kh3 g5 40. Ne6+ Kf6 41. Re2 Rh4+ 42. Kg3 fxe6 0-1

[Event "Sparkassen-Open A"]
[Site "Heusenstamm, Martinsee"]
[Date "2024.11.22"]
[Round "2.93"]
[White "Wagner, Cosima Thien-An"]
[Black "Maerz, Maximilian"]
[Result "1/2-1/2"]
[WhiteElo "1764"]
[BlackElo "1914"]
[PlyCount "56"]
[EventDate "2024.11.21"]
[WhiteTeam "TV Tegernsee"]
[BlackTeam "SC Heimbach-Weis/Neuwied e.V."]

1. c4 Nf6 2. g3 e6 3. Bg2 d5 4. Nf3 dxc4 5. Qa4+ Bd7 6. Qxc4 c5 7. Ne5 Qc7 8. Nxd7 Nbxd7 9. Nc3 a6 10. Ne4 b5 11. Qc2 Rc8 12. a4 b4 13. Nxf6+ Nxf6 14. Qc4 a5 15. b3 Be7 16. Bb2 O-O 17. Rc1 Qb6 18. O-O Rfd8 19. Rc2 Rd7 20. Rfc1 Rcd8 21. d3 Ne8 22. Qf4 h6 23. h4 f5 24. Qf3 g6 25. Qc6 Qxc6 26. Bxc6 Ra7 27. Bb5 Kf7 28. Rd1 Nf6 1/2-1/2

[Event "Sparkassen-Open A"]
[Site "Heusenstamm, Martinsee"]
[Date "2024.11.22"]
[Round "2.94"]
[White "Voss, Georg"]
[Black "Henn, Jakob"]
[Result "1-0"]
[WhiteElo "1913"]
[BlackElo "1789"]
[PlyCount "57"]
[EventDate "2024.11.21"]
[WhiteTeam "SV Meschede e. V."]
[BlackTeam "SC Bad Nauheim"]

1. Nf3 d5 2. g3 c5 3. Bg2 Nc6 4. O-O e5 5. d3 Be7 6. a4 h5 7. h4 f6 8. Nc3 Be6 9. e4 d4 10. Nd5 Bxd5 11. exd5 Nb4 12. c4 Nh6 13. Bh3 Nf7 14. Qe2 g6 15. Be6 Kf8 16. Nd2 Kg7 17. Bxf7 Kxf7 18. Ne4 Re8 19. f4 exf4 20. Bxf4 Kg7 21. Qd2 f5 22. Ng5 Bxg5 23. Bxg5 Qd6 24. Bf4 Qd7 25. Rac1 Qxa4 26. Be5+ Kh7 27. Rxf5 gxf5 28. Qg5 Re7 29. Qxe7+ 1-0

[Event "Sparkassen-Open A"]
[Site "Heusenstamm, Martinsee"]
[Date "2024.11.22"]
[Round "2.95"]
[White "Berstler, Tobias"]
[Black "Wilke, Jörg"]
[Result "1-0"]
[WhiteElo "1790"]
[BlackElo "1913"]
[PlyCount "69"]
[EventDate "2024.11.21"]
[WhiteTeam "SK Bingen"]
[BlackTeam "SC Matt im Park Ffm"]

1. e4 b6 2. d4 Bb7 3. Bd3 g6 4. f4 Bg7 5. Nf3 e6 6. O-O Nf6 7. Nc3 O-O 8. f5 exf5 9. exf5 d6 10. Qe1 Re8 11. Qh4 Nbd7 12. fxg6 hxg6 13. Bg5 Qc8 14. Nd2 Nh7 15. Bh6 Qd8 16. Qf4 Qf6 17. Bxg7 Qxf4 18. Rxf4 Kxg7 19. Nb5 Rec8 20. Raf1 f6 21. Rg4 Nhf8 22. h4 a6 23. Nc3 Re8 24. Ne2 c5 25. Nf4 cxd4 26. Nxg6 Kf7 27. Nc4 Re6 28. Bf5 Ne5 29. Bxe6+ Kxe6 30. Nxf8+ Rxf8 31. Rxd4 Nxc4 32. Rxc4 f5 33. a3 b5 34. Rcf4 Be4 35. Rxe4+ 1-0

[Event "Sparkassen-Open A"]
[Site "Heusenstamm, Martinsee"]
[Date "2024.11.22"]
[Round "2.96"]
[White "Gundel, Julian"]
[Black "Jordake, Michael"]
[Result "1-0"]
[WhiteElo "1912"]
[BlackElo "1787"]
[PlyCount "85"]
[EventDate "2024.11.21"]
[WhiteTeam "SV Königsspringer 1929 Großauhei"]
[BlackTeam "SC Bergen-Enkheim 1922"]

1. Nf3 Nc6 2. b3 e5 3. Bb2 d6 4. e3 Nf6 5. d4 Bg4 6. Be2 Bxf3 7. Bxf3 e4 8. Be2 Ne7 9. c4 c6 10. Nc3 g6 11. Qc2 Qa5 12. O-O Bg7 13. Nxe4 Nxe4 14. Qxe4 Qd2 15. Qd3 Qxd3 16. Bxd3 O-O 17. Rfe1 c5 18. Rab1 Rad8 19. Be4 b6 20. dxc5 dxc5 21. Bxg7 Kxg7 22. Rbd1 f5 23. Bf3 Kf6 24. Kf1 Ng8 25. Ke2 Nh6 26. Rxd8 Rxd8 27. Rd1 Nf7 28. Rxd8 Nxd8 29. Bd5 g5 30. Kf3 Ke5 31. g3 h6 32. Ke2 Kf6 33. f4 Ke7 34. fxg5 hxg5 35. e4 Kf6 36. Kf3 Ke5 37. exf5 Kxf5 38. h4 a6 39. g4+ Kf6 40. h5 b5 41. Ke4 bxc4 42. bxc4 a5 43. a4 1-0

[Event "Sparkassen-Open A"]
[Site "Heusenstamm, Martinsee"]
[Date "2024.11.22"]
[Round "2.97"]
[White "Scheerer, Amelie"]
[Black "Karaissaridis, Christos"]
[Result "0-1"]
[WhiteElo "1788"]
[BlackElo "1911"]
[PlyCount "34"]
[EventDate "2024.11.21"]
[WhiteTeam "SV 1934 Ffm-Griesheim"]
[BlackTeam "SK 1947 Sandhausen e.V."]

1. e4 d6 2. d4 Nf6 3. Nc3 g6 4. f4 Bg7 5. Bd3 O-O 6. Nf3 Nc6 7. O-O e5 8. d5 Nd4 9. f5 c5 10. fxg6 fxg6 11. h3 Bd7 12. Bg5 Qc7 13. Qd2 c4 14. Be2 Nh5 15. Bh6 Ng3 16. Rf2 Ndxe2+ 17. Nxe2 Nxe4 0-1

[Event "Sparkassen-Open A"]
[Site "Heusenstamm, Martinsee"]
[Date "2024.11.22"]
[Round "2.98"]
[White "Rabiya, Karim"]
[Black "Schumacher, Markus"]
[Result "1-0"]
[WhiteElo "1778"]
[BlackElo "1902"]
[PlyCount "71"]
[EventDate "2024.11.21"]
[WhiteTeam "SK Niederbrechen 1948"]
[BlackTeam "Godesberger SK 1929 e. V"]

1. e4 c5 2. Nf3 d6 3. d4 cxd4 4. Nxd4 Nf6 5. Nc3 a6 6. h3 e5 7. Nde2 Be7 8. g4 h6 9. a4 b6 10. Bg2 Bb7 11. Be3 Nbd7 12. Ng3 Nc5 13. O-O g6 14. Qd2 h5 15. g5 Nfd7 16. h4 O-O 17. Rfd1 Qc7 18. Bh3 Ne6 19. Nd5 Bxd5 20. exd5 Ng7 21. Ra3 Rfb8 22. Rc3 Qd8 23. f4 f5 24. gxf6 Bxf6 25. Be6+ Kh8 26. Ne4 exf4 27. Bd4 Bxd4+ 28. Qxd4 Ne5 29. Ng5 Qf8 30. Rf1 f3 31. Rc7 Qf6 32. Rf7 Nxe6 33. dxe6 f2+ 34. Kh1 Qd8 35. e7 Qd7 36. Rh7+ 1-0

[Event "Sparkassen-Open A"]
[Site "Heusenstamm, Martinsee"]
[Date "2024.11.22"]
[Round "2.99"]
[White "Gärtner, Johannes"]
[Black "Werner, Rosalie"]
[Result "0-1"]
[WhiteElo "1777"]
[BlackElo "1904"]
[PlyCount "84"]
[EventDate "2024.11.21"]
[WhiteTeam "Sfr.Mainz 1928"]
[BlackTeam "VSG 1880 Offenbach"]

1. e4 e6 2. d4 d5 3. e5 c5 4. c3 Nc6 5. Nf3 Qb6 6. a3 Bd7 7. b4 cxd4 8. cxd4 Rc8 9. Bb2 Na5 10. Nbd2 Nc4 11. Nxc4 dxc4 12. Rc1 Qa6 13. Nd2 b5 14. Ne4 Qb7 15. Qc2 Bc6 16. f3 Nh6 17. g3 Nf5 18. Qe2 Be7 19. Bg2 O-O 20. O-O Rfd8 21. Rfd1 Rd7 22. Rd2 Rcd8 23. Rcd1 Qb6 24. Nc5 Bxc5 25. dxc5 Qb7 26. Bc3 h6 27. Qf2 Qa6 28. Rxd7 Rxd7 29. Rxd7 Bxd7 30. Bb2 Ne7 31. Qd2 Nd5 32. Qc1 Qa4 33. f4 Bc6 34. Bxd5 Bxd5 35. Bc3 Qa6 36. Qb2 Bb7 37. Kf2 Qc6 38. Ke1 Qh1+ 39. Kd2 Qxh2+ 40. Kc1 Qg1+ 41. Kc2 Be4+ 42. Kd2 Qxg3 0-1

[Event "Sparkassen-Open A"]
[Site "Heusenstamm, Martinsee"]
[Date "2024.11.22"]
[Round "2.100"]
[White "Gieringer, Clemens"]
[Black "Sensoy, Emir"]
[Result "1/2-1/2"]
[WhiteElo "1901"]
[BlackElo "1778"]
[PlyCount "162"]
[EventDate "2024.11.21"]
[WhiteTeam "Sfr.Mainz 1928"]
[BlackTeam "MSA Zugzwang 82 e.V."]

1. e4 c5 2. Nf3 d6 3. d4 cxd4 4. Nxd4 Nf6 5. Nc3 g6 6. Be3 Bg7 7. f3 O-O 8. Qd2 Nc6 9. Bc4 Bd7 10. h4 h5 11. O-O-O Rc8 12. Bb3 Ne5 13. Bg5 Nc4 14. Qe1 Nh7 15. Bxc4 Rxc4 16. Be3 Qb8 17. g4 Nf6 18. Nd5 Nxd5 19. exd5 Qc8 20. Rd2 Kh7 21. gxh5 gxh5 22. Rg1 Bxd4 23. Bxd4 Rg8 24. Rxg8 Qxg8 25. Qf1 Bb5 26. Qh3 f6 27. b3 Rc7 28. Bxa7 Bd7 29. Qf1 Bf5 30. Kb2 b5 31. Qg1 Qc8 32. Qf2 b4 33. Bd4 Qa8 34. Kb1 Qa6 35. Qg1 Qc8 36. Qh2 Qa6 37. Qg1 Qc8 38. Qh2 Qa6 39. Qg3 Qf1+ 40. Kb2 Qh3 41. Qxh3 Bxh3 42. Bb6 Rb7 43. Ba5 Kg6 44. Rd4 Bg2 45. Bxb4 Bxf3 46. Be1 Kf5 47. c4 Ke5 48. Bc3 Kf5 49. a4 Rb8 50. a5 Bg4 51. Ka3 e5 52. dxe6 Kxe6 53. Bb4 Rd8 54. Ka4 d5 55. a6 Ra8 56. cxd5+ Ke5 57. Bc3 Kd6 58. Rd2 Rxa6+ 59. Kb5 Ra8 60. Bb4+ Kd7 61. Bc5 Rb8+ 62. Kc4 f5 63. Ra2 Rb7 64. Ra8 Be2+ 65. Kc3 Rc7 66. Kd4 f4 67. Rh8 f3 68. Rxh5 f2 69. Rf5 f1=Q 70. Rxf1 Bxf1 71. b4 Be2 72. Ke3 Bh5 73. Kf4 Rc8 74. Ke5 Be2 75. Ke4 Rh8 76. Bf2 Rf8 77. Bc5 Bf3+ 78. Kd4 Rf5 79. d6 Rh5 80. Ke3 Bc6 81. Kf4 Rxh4+ 1/2-1/2

[Event "Sparkassen-Open A"]
[Site "Heusenstamm, Martinsee"]
[Date "2024.11.22"]
[Round "2.101"]
[White "Held, Bernhard"]
[Black "Zargaran, Sepas"]
[Result "0-1"]
[WhiteElo "1899"]
[BlackElo "1777"]
[PlyCount "70"]
[EventDate "2024.11.21"]
[WhiteTeam "SK 1908 Göggingen"]
[BlackTeam "VSG 1880 Offenbach"]

1. d4 Nf6 2. c4 g6 3. Nc3 Bg7 4. e4 d6 5. h3 O-O 6. Nf3 c5 7. d5 a6 8. Bd3 b5 9. cxb5 axb5 10. Bxb5 Nxe4 11. Qb3 Nxc3 12. bxc3 Ba6 13. Bb2 Bxb5 14. Qxb5 Na6 15. O-O Qc7 16. Qe2 Rfb8 17. Rfb1 Rb6 18. Qd2 Rab8 19. a3 Qb7 20. Ra2 Nc7 21. Kh2 Qxd5 22. Qxd5 Nxd5 23. Rd1 Rxb2 24. Rxb2 Rxb2 25. Rxd5 Rxf2 26. Rd3 Rc2 27. Rd2 Rxd2 28. Nxd2 Bxc3 29. Nc4 Kf8 30. a4 Ke8 31. a5 Kd8 32. a6 Kc7 33. Na3 Kb6 34. Nb5 Be5+ 35. Kg1 Kxa6 0-1